00965cam a22002531a 45000010009000000050017000090080039000260200018000650200015000830400023000980820028001211000027001492450069001762600070002453000040003155040051003556300019004066500047004256530022004726550024004949420028005189990017005469520148005631734525920201128021226.0120613t2013 nyua f b 001 0 eng a9781133946595 a1133946593 aDLCcDLCdEG-ScBUE00a620.0042028553bKRI2221 aKrishnan, G. V.93759010aHarnessing AutoCAD 2013 /cG.V. Krishnan and Thomas A. Stellman. aClifton Park, United States :bDelmar, Cengage Learning,cc.2013. a[Various pagings] :bill. ;c28 cm. aIncludes bibliographical references and Index.00937593aAutoCAD 092127aEngineering designxData processing. bENGGENcApril2015 vreading book934232 2ddck620.0042028553 KRI c19167d19139 00102ddc40708AlahramaMAINbMAINc1STd2015-04-07epurchaseg294.00h317l0o620.0042028553 KRIp000037931r2025-07-15 00:00:00v367.50yBB